00441nam a22001457a 4500999001900000003000500019038001300024082001800037100002900055245003800084260003900122300001300161942001200174952010900186 c533217d533217NUST aM.Ramzan a925.0954bKAL aKalam, APJ Abdul.927012 awings of fire: An autobiography / aIndia:bUniversities Press,c2010. a180 p, : 2ddccBK 00102ddc4070aNITbNITd2019-12-16l3o925.0954 KALpNIT-8828r2023-06-12s2022-12-21w2019-12-16yBK